Las 100 ciudades más grandes de Chile en un mapa - Estadísticas

Estadísticas generales
  • Esta prueba ha sido intentada 91 veces
  • La puntuación promedio es 42 de 100
Respuestas en el mapa
Las respuestas están codificadas por una escala verde-roja en el mapa de la prueba según el % correcto abajo.
 
Estadísticas de respuestas
Población Ciudad % Correcto
5.220.161 Santiago
96%
219.057 Concepción
94%
252.888 Valparaíso
94%
352.638 Antofagasta
88%
204.078 Arica
88%
171.136 Puerto Montt
88%
334.248 Viña del Mar
88%
189.065 Iquique
86%
196.178 La Serena
84%
125.932 Punta Arenas
80%
236.377 Temuco
75%
158.487 Calama
73%
205.760 Coquimbo
71%
147.826 Osorno
71%
231.890 Rancagua
69%
237.295 Talca
67%
150.962 Copiapó
63%
150.727 Valdivia
63%
24.631 Tocopilla
59%
86.569 San Antonio
57%
49.968 Coyhaique
55%
126.092 Curicó
55%
568.094 Puente Alto
55%
58.598 San Fernando
55%
164.574 Chillán
53%
34.097 Constitución
53%
143.563 Los Ángeles
53%
26.255 Puerto Varas
53%
105.884 Alto Hospicio
51%
66.180 Buin
51%
60.341 Los Andes
51%
291.610 San Bernardo
51%
18.354 Pucón
49%
34.044 Castro
47%
64.484 San Felipe
45%
46.019 Vallenar
45%
125.327 Villa Alemana
45%
28.265 Ancud
43%
74.139 Linares
43%
72.650 Melipilla
43%
149.596 Quilpué
43%
56.990 Talagante
43%
148.440 Talcahuano
43%
77.021 Ovalle
41%
31.718 Paine
41%
74.238 Quillota
41%
32.218 Villarrica
39%
47.171 La Calera
37%
43.427 Lota
37%
27.409 Chillán Viejo
35%
89.037 Colina
35%
39.409 Concón
35%
37.932 Rengo
35%
32.661 San Carlos
35%
39.169 Limache
33%
83.064 Peñaflor
33%
28.737 Graneros
31%
30.794 Parral
31%
46.900 Penco
31%
131.684 San Pedro de la Paz
31%
48.911 Angol
29%
48.972 Machalí
29%
55.728 Padre Hurtado
29%
19.180 Puerto Natales
29%
20.967 San Vicente de Tagua Tagua
29%
24.856 Victoria
29%
85.863 Chiguayante
27%
37.318 Molina
27%
17.814 Quellón
27%
26.884 Quintero
27%
29.358 San Javier
27%
42.647 Tomé
27%
17.643 Arauco
25%
18.770 Curacaví
25%
19.393 La Ligua
25%
22.824 Santa Cruz
25%
20.846 Cartagena
24%
18.002 Casablanca
24%
113.074 Coronel
24%
21.052 Illapel
24%
19.452 La Cruz
24%
37.677 Lampa
24%
20.989 Lebu
24%
20.367 San Clemente
24%
33.114 Cauquenes
22%
90.985 Hualpén
22%
24.679 Lautaro
22%
18.881 Nueva Imperial
22%
19.494 Cañete
20%
42.136 Padre Las Casas
20%
42.267 Alerce
18%
30.174 Curanilahue
18%
26.662 La Unión
18%
19.689 Hualqui
16%
24.149 Mulchén
16%
24.008 Labranza
14%
23.031 Nacimiento
12%
30.045 El Monte
10%
17.972 Llaillay
10%
39.344 Placilla de Peñuelas
6%
No se encontraron pruebas coincidentes
Distribución de puntuación
Porcentaje de gente con cada puntuación
Porcentaje por número respondido
Historial de tus puntuaciones
No has intentado esta prueba.